Top 20 Most Popular Board Games of All Time - Statistics

General Stats
  • This quiz has been taken 88 times
  • The average score is 7 of 20
Answer Stats
Hint Answer % Correct
3 Monopoly
95%
1 Chess
84%
2 Checkers
70%
4 Scrabble
58%
5 Clue
56%
15 Risk
51%
11 The Game of LIFE
47%
6 Battleship
38%
7 Trivial Pursuit
38%
9 Candyland
34%
8 Backgammon
33%
14 Catan
30%
16 Stratego
19%
12 Othello
15%
13 Pictionary
13%
18 Connect4
11%
17 Mancala
6%
19 Blokus
4%
10 Rummikub
4%
20 Cranium
3%
No matching quizzes found
Score Distribution
Percent of People with Each Score
Percentile by Number Answered
Your Score History
You have not taken this quiz